Aventuriers et favorites

Gardado en:
Detalles Bibliográficos
Autor Principal: Earlanger, Philippe
Formato: Libro
Idioma:Undetermined
Publicado: París, Francia Pocket 1963
Materias:
Etiquetas: Engadir etiqueta
Sen Etiquetas, Sexa o primeiro en etiquetar este rexistro!

MARC

LEADER 00000nam a2200000Ia 4500
008 170316s9999 xx 000 0 und d
040 |a cru BVZT 
090 |a A-840 E-2a 
100 |a Earlanger, Philippe 
245 |a Aventuriers et favorites 
260 |a París, Francia 
260 |b Pocket 
260 |c 1963 
300 |a 314 páginas 
650 |a LITERATURA FRANCESA 
650 |a ANTOLOGÍA 
999 |c 12411  |d 12411 
942 |c 15 D  |h A-840 E-2a  |2 z